Tales from the garden city / (Record no. 151931)

MARC details
000 -LEADER
fixed length control field 00451nam a22001697a 4500
005 - DATE AND TIME OF LATEST TRANSACTION
control field 20180508144404.0
010 ## - LCCN (DPL NO)
LC control number ENG-122999
020 ## - INTERNATIONAL STANDARD BOOK NUMBER
International Standard Book Number 9789380151106
Terms of availability 225.00
035 ## - SYSTEM CONTROL NUMBER
System control number EN-106531
037 ## - SOURCE OF ACQUISITION
Stock number DBAD/PUB.
082 ## - DEWEY DECIMAL CLASSIFICATION NUMBER
Classification number S
100 ## - MAIN ENTRY--PERSONAL NAME
Personal name Papaadi, Jeena R.
245 ## - TITLE STATEMENT
Title Tales from the garden city /
Statement of responsibility, etc by Jeena R. Papaadi
260 ## - PUBLICATION, DISTRIBUTION, ETC. (IMPRINT)
Place of publication, distribution, etc Goa
Name of publisher, distributor, etc Cinnamon Teal Print and Publishing
Date of publication, distribution, etc 2009
300 ## - PHYSICAL DESCRIPTION
Extent 156p.
Other physical details 21cm(pbk)
942 ## - ADDED ENTRY ELEMENTS (KOHA)
Source of classification or shelving scheme Dewey Decimal Classification
Item type English Books
Classification part S
Call number suffix PAP
Holdings
Withdrawn status Lost status Not for loan Collection code Home library Current library Date acquired Cost, normal purchase price Full call number Barcode Copy number Cost, replacement price Koha item type
    Not For Loan Non-fiction D.B.Act.Division Central Library 08/05/2018 225.00 S PAP EN-106531 1 225.00 English Books

© Delhi Public Library
Hit Counter
free hit counter